Éjjel és vasárnap is lehet rakodni

Elmentve itt :
Bibliográfiai részletek
Szerző: Vajda Sándor
Dokumentumtípus: Cikk
Megjelent: 1967-10-06
Sorozat:Délmagyarország 57 No. 236
Kulcsszavak:MÁV Igazgatóság, Teheráruforgalom Szeged 1967
Online Access:http://dmarchiv.bibl.u-szeged.hu/69752
LEADER 00490nab a2200157 i 4500
001 delm69752
005 20180927153717.0
008 180927s1967 hu o 0|| hun d
040 |a SZTE Délmagyarország Archívum  |b hun 
041 |a hun 
100 1 |a Vajda Sándor 
245 1 0 |a Éjjel és vasárnap is lehet rakodni  |h [elektronikus dokumentum] /  |c  Vajda Sándor 
260 |c 1967-10-06 
300 |a 3 
490 0 |a Délmagyarország  |v 57 No. 236 
695 |a MÁV Igazgatóság, Teheráruforgalom Szeged 1967